[Event "Indywidualne Mistrzostwa Polski Juniorow - C18"]
[Site "Szczyrk"]
[Date "2013-03-23"]
[Round "8.24"]
[White "Prominski, Piotr"]
[Black "Lopuszanski, Kamil"]
[Result "1/2-1/2"]
[WhiteTitle "I"]
[BlackTitle "I"]
[WhiteElo "1834"]
[BlackElo "1870"]

1. e4 e5 2. Nf3 Nc6 3. Bb5 a6 4. Bxc6 bxc6 5. d4 exd4 6. Nxd4 g6 7. Nc3 Bg7 8.
O-O Ne7 9. Re1 d6 10. Bf4 O-O 11. Qd2 Rb8 12. Rab1 Kh8 13. Bh6 c5 14. Bxg7+ Kxg7
15. Nb3 Nc6 16. Red1 Be6 17. Nd5 f6 18. Qe2 Qc8 19. c3 Qb7 20. Nc1 Rbe8 21. Qd2
f5 22. f3 fxe4 23. fxe4 Bg4 24. Re1 Ne5 25. Nd3 Rf7 26. Nxe5 Rxe5 27. b3 Qb5 28.
c4 Qe8 29. Qd3 Bf5 30. Qc3 Bc8 31. Rf1 c6 32. Rxf7+ Qxf7 33. Rf1 Qe6 34. Nf6 Qe7
35. h3 Kh8 36. Kh1 Qg7 37. Qf3 Bf5 38. exf5 Rxf5 39. Qe2 Qxf6 40. Qe8+ Kg7 41.
Rxf5 gxf5 42. Qxc6 1/2-1/2